|
|
|
|
| LEADER |
00000cam a2200000 7i4500 |
| 001 |
0000001048 |
| 005 |
20240924.0 |
| 008 |
991125 cou a eng |
| 020 |
|
|
|a 0891581677
|
| 040 |
|
|
|a INS
|b eng
|e rda
|
| 090 |
0 |
0 |
|a LB2846
|b .C63 1978
|
| 245 |
0 |
0 |
|a Closing the gap between technology and application
|c James C. Emery, Series Editor
|
| 264 |
|
1 |
|a Colorado :
|b Westview
|c 1978
|
| 264 |
|
4 |
|c ©1978
|
| 300 |
|
|
|a xii, 215 pages :
|b illustrations ;
|c 24 cm.
|
| 336 |
|
|
|a text
|2 rdacontent
|
| 337 |
|
|
|a unmediated
|2 rdamedia
|
| 338 |
|
|
|a volume
|2 rdacarrier
|
| 490 |
0 |
|
|a Educom series in computing and telecommunication in higher education: v. 1
|
| 650 |
|
0 |
|a Computer
|x Assisted introduction
|x Addresses,essays,lectures
|
| 650 |
|
0 |
|a Education
|x Data processing
|x Addresses, essays,lectures
|
| 700 |
1 |
|
|a Emery, James C. ,
|e editor
|
| 999 |
|
|
|a 0000002382
|b BOOK
|c Open Shelf
|e Default branch
|